| 000 | 00418nam a2200097Ia 4500 | ||
|---|---|---|---|
| 008 | 180130s9999 xx 000 0 und d | ||
| 245 |
_cLudescher, Thomas; Feilhauser, Thomas; Brezany, Peter _aCloud-based code execution framework for scientific problem solving environments |
||
| 260 | _c2016 | ||
| 300 | _aBook title: Cloud architecture and engineering--Acession number C20554; pages 50-65 | ||
| 650 | _aCLOUD ARCHITECTURE | ||
| 999 |
_c353835 _d353835 |
||